LEADER 01154cas--2200361---450- 001 990001037120203316 005 20131021110820.0 035 $a0103712 035 $aUSA010103712 035 $a(ALEPH)000103712USA01 035 $a0103712 100 $a20020318d--------km-y0itay0103----ba 101 $aita 102 $aIT 110 $aaia-------- 200 1 $aLancillotto e Nausica$ecritica e storia dello sport 210 $aRoma$cAntonio Pellicani 215 $avolumi$cill.$d28 cm 300 $aTit. della cop. - L'editore varia. - Comincia nel 1984. - Descrizione basata su: Anno 5, n.3(dicembre 1988) 326 $aQuadrimestrale 410 $12001 606 0 $aSport$xStoria$xPeriodici 676 $a796.09 801 0$aIT$bsalbc$gISBD 912 $a990001037120203316 958 $aUMA$bFondo$cA.5, n.1; n.3; (1988)-A.6, n.1-3 (1989); A.8, n.3(1991); A.13, n.1-3 (1996); 959 $aSE 979 $aPATTY$b90$c20020318$lUSA01$h1012 979 $c20020403$lUSA01$h1744 979 $aPATRY$b90$c20040406$lUSA01$h1712 979 $aVITTORIANA$b90$c20131021$lUSA01$h1108 996 $aLancillotto e Nausica$9791219 997 $aUNISA LEADER 01000nam--2200361---450 001 990002722420203316 005 20220601121035.0 035 $a000272242 035 $aUSA01000272242 035 $a(ALEPH)000272242USA01 035 $a000272242 100 $a20060317d1960----km-y0itay0103----ba 101 $afre 102 $aBE 105 $a-|||||||001yy 200 1 $aTemporels$epoèmes$fElise Champagne 210 $aLiege$cG. Thone$d[1960] 215 $a61 p.$d16 cm 300 $aSulla carta di guardia : dedica autografa dell'autore a Robert Goffin, datata gennaio 1960 410 0$12001 454 1$12001 461 1$1001-------$12001 676 $a843.91 700 1$aCHAMPAGNE,$bElise$0592782 801 0$aIT$bsalbc$gISBD 912 $a990002722420203316 951 $aXV.4.A. 150$bF.F.$cXV.4. 959 $aBK 969 $aUMA 979 $aCOPAT1$b90$c20060317$lUSA01$h1015 979 $aCOPAT1$b90$c20060317$lUSA01$h1018 996 $aTemporels$9997287 997 $aUNISA